Applied statistics in business and economics / (Record no. 11487)

MARC details
000 -LEADER
fixed length control field 01445cam a2200385 i 4500
001 - CONTROL NUMBER
control field 15058241
003 - CONTROL NUMBER IDENTIFIER
control field EG-ScBUE
005 - DATE AND TIME OF LATEST TRANSACTION
control field 20241117095025.0
008 - FIXED-LENGTH DATA ELEMENTS--GENERAL INFORMATION
fixed length control field 071025t2009 maua f 001 0 eng d
020 ## - INTERNATIONAL STANDARD BOOK NUMBER
International Standard Book Number 9780071287869
020 ## - INTERNATIONAL STANDARD BOOK NUMBER
International Standard Book Number 0071287868
020 ## - INTERNATIONAL STANDARD BOOK NUMBER
International Standard Book Number 9780071283731
020 ## - INTERNATIONAL STANDARD BOOK NUMBER
International Standard Book Number 0071283730
040 ## - CATALOGING SOURCE
Original cataloging agency DLC
Language of cataloging eng
Description conventions rda
Transcribing agency DLC
Modifying agency DLC
-- EG-ScBUE
082 04 - DEWEY DECIMAL CLASSIFICATION NUMBER
Classification number 519.5
Edition number 22
Item number DOA
100 1# - MAIN ENTRY--PERSONAL NAME
9 (RLIN) 4553
Personal name Doane, David P.,
Relator term author.
245 10 - TITLE STATEMENT
Title Applied statistics in business and economics /
Statement of responsibility, etc David P. Doane, Oakland University, Lori E. Seward, Univesity of Colorado.
250 ## - EDITION STATEMENT
Edition statement Second edition.
264 #1 - PUBLICATION, DISTRIBUTION, ETC. (IMPRINT)
Place of publication, distribution, etc Boston :
Name of publisher, distributor, etc McGraw-Hill Irwin,
Date of publication, distribution, etc [2009]
264 #4 - PUBLICATION, DISTRIBUTION, ETC. (IMPRINT)
Date of publication, distribution, etc c2009
300 ## - PHYSICAL DESCRIPTION
Extent xv, 834 pages :
Other physical details color illustrations ;
Dimensions 29 cm.
336 ## - CONTENT TYPE
Source rdacontent
Content type term text
Content type code txt
337 ## - MEDIA TYPE
Media type term unmediated
Source rdamedia
Media type code n
338 ## - CARRIER TYPE
Carrier type term volume
Carrier type code nc
Source rdacarrier
490 0# - SERIES STATEMENT
Series statement The McGraw-Hill/Irwin series, operations and decision sciences
500 ## - GENERAL NOTE
General note Includes index.
538 ## - SYSTEM DETAILS NOTE
System details note System requirements for accompanying CD-ROM: Microsoft Windows 2000/XP/Vista.
650 #7 - SUBJECT ADDED ENTRY--TOPICAL TERM
Topical term or geographic name as entry element Commercial statistics.
Source of heading or term BUEsh
9 (RLIN) 4554
650 #7 - SUBJECT ADDED ENTRY--TOPICAL TERM
Topical term or geographic name as entry element Management
General subdivision Statistical methods.
Source of heading or term BUEsh
9 (RLIN) 4555
650 #7 - SUBJECT ADDED ENTRY--TOPICAL TERM
Topical term or geographic name as entry element Economics
General subdivision Statistical methods.
Source of heading or term BUEsh
9 (RLIN) 4556
655 ## - INDEX TERM--GENRE/FORM
Form subdivision Reading book
700 1# - ADDED ENTRY--PERSONAL NAME
Personal name Seward, Lori Welte,
Dates associated with a name 1962-
Relator term author.
9 (RLIN) 4557
942 ## - ADDED ENTRY ELEMENTS (KOHA)
Source of classification or shelving scheme Dewey Decimal Classification
Koha item type Book - Borrowing
Holdings
Withdrawn status Lost status Source of classification or shelving scheme Damaged status Not for loan Collection code Home library Current library Shelving location Date acquired Source of acquisition Cost, normal purchase price Serial Enumeration / chronology Total Checkouts Total Renewals Full call number Barcode Date last seen Date checked out Price effective from Koha item type Materials specified (bound volume or other part)
    Dewey Decimal Classification     Baccah Central Library Central Library First floor 03/05/2009 Purchase 198.49 6993 4 11 519.5 DOA 000016317 04/04/2026 21/10/2015 03/05/2009 Book - Borrowing  
  Lost Dewey Decimal Classification     Baccah Central Library Central Library First floor 03/05/2009           519.5 DOA 000016313 03/05/2009   03/05/2009 CD | DVD - With book Lost In Inventory_2015-8-23
    Dewey Decimal Classification     Alahram Central Library Central Library First floor 06/05/2010 Purchase         519.5 DOA 000020808 24/08/2022   06/05/2010 CD | DVD - With book